Jak zpívá Racek

Bibliographic Details
Main Author: Kusák, Alexej, 1929- (Author)
Format: Book
Language:Undetermined
PhysicalDescription:121 s.
Published: České Budějovice Krajské nakl. 1962

MARC

LEADER 00000nam a2200000 a 4500
001 vtls001351282
003 SK-MaSNL
005 20260301200834.0
008 240318s1962 xx 0 und
035 |a SNK000304638 
040 |a SNK  |b slo  |c SNK  |e AACR2 
100 1 |a Kusák, Alexej,  |d 1929-  |4 aut  |9 114723 
245 1 0 |a Jak zpívá Racek 
260 |a České Budějovice  |b Krajské nakl.  |c 1962 
300 |a 121 s. 
999 |c 892285  |d 894215 
952 |t P60, <04>, [BOOK], {604}  |a SNK  |b SNK  |y VYP  |7 0  |p 17A0170285  |o snkIB 13388 D1  |0 0  |1 1  |4 0  |d 1998-12-21  |l 0  |r 2005-01-02 00:00:00  |w 2026-02-24 
952 |t P60, <04>, [BOOK], {604}  |a SNK  |b SNK  |y VYP  |7 0  |p 17A0173549  |o snkIB 13388 D1 Príloha  |0 0  |1 0  |4 0  |d 1998-12-21  |l 0  |r 2005-01-02 00:00:00  |w 2026-02-24